| 000 | 01159cam a22002771i 4500 | ||
|---|---|---|---|
| 003 | SA-RiAUC | ||
| 005 | 20250510180654.0 | ||
| 008 | 250510s1992 ua g bd 00000 ara c | ||
| 020 | _a9775226074 | ||
| 040 |
_aSA-AhKFU _bara _cSA-RiAUC _erda |
||
| 082 | 0 | 4 |
_a250.72 _qSA-RiAUC |
| 090 |
_a250.72 _bع ب د |
||
| 100 | 1 |
_aعبد العال، إسماعيل سالم _eمؤلف. |
|
| 245 | 1 | 2 |
_aالبحث الفقهي : _bطبيعته، خصائصه، أصوله، مصادره مع المصطلحات الفقهية في المذاهب الأربعة / _cإسماعيل سالم عبد العال. |
| 250 | _aالطبعة الأولى. | ||
| 264 | 1 |
_aالقاهرة : _bمكتبة الزهراء، _c1992 |
|
| 300 |
_a259 صفحة ؛ _c24 سم |
||
| 336 |
_aنص _btxt _2rdacontent _3كتاب |
||
| 337 |
_aبدون وسيط _bn _2rdamedia |
||
| 338 |
_aمجلد _bnc _2rdacarrier |
||
| 504 | _aببليوجرافية : صفحة 247-253. | ||
| 650 | 7 |
_aالفقه الإسلامي _xمناهج بحث _2aucsh |
|
| 650 | 7 |
_aالفقه الإسلامي _xمذاهب _vمعاجم _2aucsh |
|
| 942 |
_2ddc _cBOOK _n0 |
||
| 949 |
_aSA-JeALM _d250510 _umohamedma123 _n1 |
||
| 999 |
_c7789 _d7789 |
||